<?xml version="1.0" encoding="UTF-8"?><?xml-stylesheet type="text/xsl" href="static/style.xsl"?><OAI-PMH xmlns="http://www.openarchives.org/OAI/2.0/" xmlns:xsi="http://www.w3.org/2001/XMLSchema-instance" xsi:schemaLocation="http://www.openarchives.org/OAI/2.0/ http://www.openarchives.org/OAI/2.0/OAI-PMH.xsd"><responseDate>2026-04-30T05:59:26Z</responseDate><request verb="GetRecord" identifier="oai:riubu.ubu.es:10259/11419" metadataPrefix="marc">https://riubu.ubu.es/oai/request</request><GetRecord><record><header><identifier>oai:riubu.ubu.es:10259/11419</identifier><datestamp>2026-02-26T01:05:50Z</datestamp><setSpec>com_10259_5238</setSpec><setSpec>com_10259_5086</setSpec><setSpec>com_10259_2604</setSpec><setSpec>col_10259_6212</setSpec></header><metadata><record xmlns="http://www.loc.gov/MARC21/slim" xmlns:doc="http://www.lyncode.com/xoai" xmlns:xsi="http://www.w3.org/2001/XMLSchema-instance" xmlns:dcterms="http://purl.org/dc/terms/" xsi:schemaLocation="http://www.loc.gov/MARC21/slim http://www.loc.gov/standards/marcxml/schema/MARC21slim.xsd">
<leader>00925njm 22002777a 4500</leader>
<datafield tag="042" ind1=" " ind2=" ">
<subfield code="a">dc</subfield>
</datafield>
<datafield tag="720" ind1=" " ind2=" ">
<subfield code="a">Gamero Igea, Germán</subfield>
<subfield code="e">author</subfield>
</datafield>
<datafield tag="260" ind1=" " ind2=" ">
<subfield code="c">2018-07</subfield>
</datafield>
<datafield tag="520" ind1=" " ind2=" ">
<subfield code="a">El presente trabajo presenta una reflexión sobre la donación de libreas en el entorno del Rey Católico. El objetivo que persigue es el de analizar este mecanismo en su contexto cortesano y ponderar su valor en el equilibrio de poderes dentro de la Corte. Para ello  se  trazará  una  panorámica  general  de  esta  práctica  a  partir  de  la  documentación  con-servada. Sin embargo, se incidirá especialmente en un momento muy representativo y bien documentado: la celebración del enlace matrimonial entre el príncipe don Juan y Margarita de  Austria.  Contextualizando  este  hecho  se  demostrará  que  las  prácticas  de  retribución  y  libranza de libreas pueden analizarse como un mecanismo de representación del poder regio, pero también del poder cortesano per se.</subfield>
</datafield>
<datafield tag="520" ind1=" " ind2=" ">
<subfield code="a">This  paper  reflects  about  the  political  use  of  liveries  in  Ferdinand  the  Catholic’s Court. The aim of this study is to better understand dress-given in the royal court and its political implications in the court society. To do this, usual and extraordinary mo-ments in the reign of Ferdinand the Catholic will be opposed. Specially it will be stressed the role of liveries on the royal weddings between prince Juan and princess Margarita of Austria in 1497. Facing these two situations, it will be noted how liveries could be understood as a demonstration of royal power in the court but as a courtier mechanism too.</subfield>
</datafield>
<datafield tag="024" ind2=" " ind1="8">
<subfield code="a">0213-2060</subfield>
</datafield>
<datafield tag="024" ind2=" " ind1="8">
<subfield code="a">https://hdl.handle.net/10259/11419</subfield>
</datafield>
<datafield tag="024" ind2=" " ind1="8">
<subfield code="a">10.14201/shhme2018361161194</subfield>
</datafield>
<datafield tag="024" ind2=" " ind1="8">
<subfield code="a">2445-3595</subfield>
</datafield>
<datafield ind1=" " ind2=" " tag="653">
<subfield code="a">Fernando  II  de  Aragón</subfield>
</datafield>
<datafield ind1=" " ind2=" " tag="653">
<subfield code="a">Corte</subfield>
</datafield>
<datafield ind1=" " ind2=" " tag="653">
<subfield code="a">Cortesanos</subfield>
</datafield>
<datafield ind1=" " ind2=" " tag="653">
<subfield code="a">Representación</subfield>
</datafield>
<datafield ind1=" " ind2=" " tag="653">
<subfield code="a">Libreas</subfield>
</datafield>
<datafield ind1=" " ind2=" " tag="653">
<subfield code="a">Príncipe don Juan</subfield>
</datafield>
<datafield ind1=" " ind2=" " tag="653">
<subfield code="a">Ferdinand II de Aragon</subfield>
</datafield>
<datafield ind1=" " ind2=" " tag="653">
<subfield code="a">Court</subfield>
</datafield>
<datafield ind1=" " ind2=" " tag="653">
<subfield code="a">Courtiers</subfield>
</datafield>
<datafield ind1=" " ind2=" " tag="653">
<subfield code="a">Representation</subfield>
</datafield>
<datafield ind1=" " ind2=" " tag="653">
<subfield code="a">Liveries</subfield>
</datafield>
<datafield ind1=" " ind2=" " tag="653">
<subfield code="a">Prince John</subfield>
</datafield>
<datafield tag="245" ind1="0" ind2="0">
<subfield code="a">Las libreas en el séquito de Fernando el Católico: relaciones y representaciones de los poderes cortesanos</subfield>
</datafield>
</record></metadata></record></GetRecord></OAI-PMH>